Organizational behavior. (16th ed.) (Record no. 81669)

MARC details
000 -LEADER
fixed length control field 01158nam a2200217 a 4500
008 - FIXED-LENGTH DATA ELEMENTS--GENERAL INFORMATION
fixed length control field 190124s2015 ||||||||||||||||| || u
020 ## - INTERNATIONAL STANDARD BOOK NUMBER
International Standard Book Number 9781292057040
050 ## - LIBRARY OF CONGRESS CALL NUMBER
Classification number HD 58.7 Rob
100 ## - MAIN ENTRY--PERSONAL NAME
Personal name Judge, Timothy A
245 10 - TITLE STATEMENT
Title Organizational behavior. (16th ed.)
Statement of responsibility, etc By Stephen P. Robbins; Timothy A. Judge
250 ## - EDITION STATEMENT
Edition statement 16th edition
260 ## - PUBLICATION, DISTRIBUTION, ETC. (IMPRINT)
Place of publication, distribution, etc Boston
Name of publisher, distributor, etc Pearson
Date of publication, distribution, etc 2015
300 ## - PHYSICAL DESCRIPTION
Extent 741p.: ill.
350 ## -
-- 146.24
650 #0 - SUBJECT ADDED ENTRY--TOPICAL TERM
Topical term or geographic name as entry element ORGANIZATIONAL BEHAVIOR
700 ## - ADDED ENTRY--PERSONAL NAME
Personal name Robbins, Stephen P
995 ## - RECOMMENDATION 995 [LOCAL, UNIMARC FRANCE]
-- CBU-MAIN LIBRARY (Kitwe)
-- 146.24
-- 3
-- AVAILABLE
-- Jan 28, 2019
-- Annex Low-Usage Collection
995 ## - RECOMMENDATION 995 [LOCAL, UNIMARC FRANCE]
-- CBU-MAIN LIBRARY (Kitwe)
-- 146.24
-- 2
-- AVAILABLE
-- Jan 28, 2019
-- Main Library Open Access Collection
995 ## - RECOMMENDATION 995 [LOCAL, UNIMARC FRANCE]
-- CBU-MAIN LIBRARY (Kitwe)
-- 146.24
-- 1
-- AVAILABLE
-- Jan 28, 2019
-- Annex Low-Usage Collection
995 ## - RECOMMENDATION 995 [LOCAL, UNIMARC FRANCE]
-- CBU-MAIN LIBRARY (Kitwe)
-- 146.24
-- 4
-- AVAILABLE
-- Jan 28, 2019
-- Annex Low-Usage Collection
Holdings
Withdrawn status Lost status Source of classification or shelving scheme Damaged status Not for loan Permanent Location Current Location Date acquired Full call number Barcode Date last seen Copy number Price effective from Koha item type Shelving location Total Checkouts
Withdrawn         CBU-MAIN LIBRARY, KITWE. CBU-MAIN LIBRARY, KITWE. 09/05/2023 HD 58.7 Rob 748803 09/05/2023 1 09/05/2023 MONOGRAPH    
          CBU-MAIN LIBRARY, KITWE. CBU-MAIN LIBRARY, KITWE. 09/05/2023 HD 58.7 Rob 748802 09/05/2023 2 09/05/2023 MONOGRAPH    
Withdrawn         CBU-MAIN LIBRARY, KITWE. CBU-MAIN LIBRARY, KITWE. 09/05/2023 HD 58.7 Rob 748801 09/05/2023 3 09/05/2023 MONOGRAPH    
          CBU-MAIN LIBRARY, KITWE. CBU-MAIN LIBRARY, KITWE. 09/05/2023 HD 58.7 Rob 748804 09/05/2023 4 09/05/2023 MONOGRAPH